[Event "XVIII MIEDZYNARODOWY FESTIWAL SZACHOWY PERLA BALTYKU - GRUPA A (FIDE min. 1700)"]
[Site "LAZY"]
[Date "1899-12-30"]
[Round "6.14"]
[White "Dylong, Antoni"]
[Black "Rogala, Milosz"]
[Result "1/2-1/2"]
[WhiteTitle "I"]
[BlackTitle "I"]
[WhiteElo "1576"]
[BlackElo "1837"]

1. d4 d5 2. c4 c6 3. cxd5 cxd5 4. Nc3 Nc6 5. Bf4 Nf6 6. e3 a6 7. Bd3 g6 8. h3 Bg7
9. Nf3 Qb6 10. O-O O-O 11. Na4 Qd8 12. Rc1 Bf5 13. Bxf5 gxf5 14. Nc5 Qc8 15. Na4
Qd8 16. Nc5 Qc8 17. Ne1 Ne4 18. Ned3 e6 19. f3 Nxc5 20. Nxc5 Kh8 21. Qb3 b5 22.
Qc2 Ne7 23. Nd3 Ng6 24. Bd6 Rd8 25. Bg3 Rg8 26. Qc7 Qe8 27. Qb7 Bf6 28. Rc7 Rg7
29. Rfc1 Rd8 30. Rc8 Qg8 31. Ne1 f4 32. Rxd8 Bxd8 33. exf4 1/2-1/2

[Event "XVIII MIEDZYNARODOWY FESTIWAL SZACHOWY PERLA BALTYKU - GRUPA A (FIDE min. 1700)"]
[Site "LAZY"]
[Date "1899-12-30"]
[Round "6.15"]
[White "Bancarewicz, Aleks"]
[Black "Lecki, Leonard"]
[Result "1-0"]
[WhiteTitle "I+"]
[BlackTitle "II+"]
[WhiteElo "1786"]
[BlackElo "1658"]

1. e4 e5 2. Nf3 Nc6 3. Bb5 a6 4. Ba4 Nf6 5. O-O Be7 6. Re1 b5 7. Bb3 d6 8. c3 O-O
9. h3 Nb8 10. d4 Nbd7 11. Nbd2 Bb7 12. Bc2 Rc8 13. Nf1 c5 14. d5 c4 15. g4 Nc5
16. Ng3 Re8 17. Nf5 Bf8 18. Bg5 g6 19. Nh6+ Bxh6 20. Bxh6 Kh8 21. Bg5 Ncd7 22.
Qd2 Qc7 23. Kg2 Ng8 24. h4 f6 25. Be3 Kg7 26. g5 fxg5 27. Nxg5 Nf8 28. f4 h6 29.
Nf3 Nd7 30. h5 exf4 31. Bd4+ Ne5 32. Qxf4 g5 33. Qg3 Kh7 34. Rf1 Qe7 35. Nxe5
dxe5 36. d6 Qe6 37. Bxe5 Qxe5 38. d7 Bxe4+ 39. Bxe4+ Qxe4+ 40. Kg1 Ne7 41. Rae1
Qc6 42. Rf7+ Kg8 43. dxe8=Q+ Rxe8 44. Rfxe7 Rxe7 45. Rxe7 Qc5+ 46. Qe3 1-0

[Event "XVIII MIEDZYNARODOWY FESTIWAL SZACHOWY PERLA BALTYKU - GRUPA A (FIDE min. 1700)"]
[Site "LAZY"]
[Date "1899-12-30"]
[Round "6.16"]
[White "Krasniewski, Maciej"]
[Black "Sliz, Karol"]
[Result "1-0"]
[WhiteTitle "I"]
[BlackTitle "II+"]
[WhiteElo "1737"]
[BlackElo "1615"]

1. d4 Nf6 2. c4 e6 3. Nf3 b6 4. g3 Bb7 5. Bg2 Be7 6. Nc3 Ne4 7. Nxe4 Bxe4 8. O-O
O-O 9. Ne1 Bxg2 10. Nxg2 f5 11. Qc2 Bf6 12. Rd1 Qe7 13. d5 g6 14. Ne3 Na6 15.
Rb1 Qe8 16. b4 e5 17. Qa4 Nb8 18. d6 c6 19. b5 Qc8 20. Ba3 Qb7 21. c5 cxb5 22.
Rxb5 Nc6 23. Qc4+ Kg7 24. Nd5 Nd4 25. Rxd4 exd4 26. Bb2 Rae8 27. cxb6 Rc8 28.
Qb4 axb6 29. Nxf6 Rxf6 30. Qxd4 Rcf8 31. Qxb6 Qe4 32. Re5 Qa4 33. Re7+ Kh6 34.
Bxf6 Rxf6 35. Qe3+ f4 36. Qd2 g5 37. Re5 Rg6 38. Rd5 Qe4 39. Qd3 Qa4 40. a3 Qc6
41. g4 Qc1+ 42. Kg2 Qc6 43. f3 Re6 44. Qf5 Rg6 45. Qf8+ Rg7 46. Rxg5 Qc3 47. Rh5+
1-0

[Event "XVIII MIEDZYNARODOWY FESTIWAL SZACHOWY PERLA BALTYKU - GRUPA A (FIDE min. 1700)"]
[Site "LAZY"]
[Date "1899-12-30"]
[Round "6.17"]
[White "Makhynia, Kostiantyn"]
[Black "Grobelny, Mikolaj"]
[Result "1-0"]
[WhiteTitle "II"]
[BlackTitle "I"]
[WhiteElo "1717"]
[BlackElo "1490"]

1. d4 d5 2. c4 c6 3. Nf3 e6 4. g3 Nf6 5. Bg2 Bd6 6. O-O O-O 7. Nfd2 Qe7 8. Nc3
Bc7 9. e4 dxe4 10. Ndxe4 Rd8 11. Bg5 Nbd7 12. Nxf6+ Nxf6 13. Ne4 e5 14. d5 cxd5
15. cxd5 Bd6 16. Qf3 Bg4 17. Bxf6 Bxf3 18. Bxe7 Bxg2 19. Nxd6 Bxf1 20. Bxd8 Rxd8
21. Nxb7 Rb8 22. Kxf1 Rxb7 23. b3 Kf8 24. Rc1 Ke7 25. Rc6 Rd7 26. Ra6 f5 27. Re6+
Kf7 28. Rxe5 Kf6 29. f4 Rc7 30. Re6+ Kf7 31. Rc6 Rd7 32. Ra6 Rxd5 33. Rxa7+ Kf6
34. Ra6+ Ke7 35. b4 h5 36. Kg2 Rd2+ 37. Kh3 Rb2 38. a3 Kf7 39. Ra5 g6 40. b5 1-0

[Event "XVIII MIEDZYNARODOWY FESTIWAL SZACHOWY PERLA BALTYKU - GRUPA A (FIDE min. 1700)"]
[Site "LAZY"]
[Date "1899-12-30"]
[Round "6.18"]
[White "Hasinski, Krystian"]
[Black "Pijewski, Milosz"]
[Result "1/2-1/2"]
[WhiteTitle "I++"]
[BlackTitle "II"]
[WhiteElo "1714"]
[BlackElo "1496"]

1. c4 Nf6 2. Nc3 e6 3. d4 d5 4. e3 Bb4 5. Bd2 O-O 6. a3 Be7 7. Nf3 Nbd7 8. b4 dxc4
9. Bxc4 b6 10. O-O Bb7 11. Qe2 c5 12. b5 Rc8 13. Bb3 Qc7 14. Rfc1 e5 15. dxc5
Nxc5 16. Na4 Bxf3 17. Qxf3 Qd7 18. Nxc5 Qxd2 19. Rc2 Qa5 20. Ne4 Qxb5 21. Nxf6+
Bxf6 22. Rxc8 Rxc8 23. e4 Qc5 24. g3 Qc3 25. Qxc3 Rxc3 26. Bd5 Be7 27. a4 Bc5
28. Ra2 Kf8 29. Kg2 g5 30. h3 h5 31. Re2 Ke7 32. Rd2 f6 33. h4 gxh4 34. gxh4 Ra3
35. Bc6 Bd4 36. Re2 Rc3 37. Bb5 Rc1 38. Ra2 Rc8 39. Be2 Rg8+ 40. Kf1 Rc8 41. a5
bxa5 42. Rxa5 Rc1+ 43. Kg2 Rc2 44. Kf1 Kd6 45. Ra3 Ke6 46. Ra4 Rc3 47. Kg2 f5
48. Ra2 fxe4 49. Bxh5 Kf5 50. Be2 Kf4 51. h5 Rc7 52. Ra6 Bb6 53. Ra3 e3 54. fxe3+
Bxe3 55. Ra4+ e4 56. Bd3 Rg7+ 57. Kh2 Re7 58. Kg2 Re5 59. h6 Rg5+ 60. Kf1 Rg1+
61. Ke2 Rg2+ 62. Kf1 1/2-1/2

[Event "XVIII MIEDZYNARODOWY FESTIWAL SZACHOWY PERLA BALTYKU - GRUPA A (FIDE min. 1700)"]
[Site "LAZY"]
[Date "1899-12-30"]
[Round "7.1"]
[White "Kaliszuk, Kamil"]
[Black "Gradalski, Olaf"]
[Result "1/2-1/2"]
[WhiteTitle "k"]
[BlackTitle "k"]
[WhiteElo "2088"]
[BlackElo "2049"]

1. e4 c6 2. Nc3 d5 3. Nf3 Bg4 4. h3 Bxf3 5. Qxf3 e6 6. d3 Nd7 7. Bd2 Ngf6 8. g4
h6 9. O-O-O Bb4 10. a3 Ba5 11. h4 d4 12. Ne2 Bxd2+ 13. Rxd2 c5 14. g5 Ng8 15.
g6 fxg6 16. Qg4 Qf6 17. Nf4 Ne5 18. Qxe6+ Ne7 19. Qxf6 gxf6 20. Be2 Kf7 1/2-1/2

[Event "XVIII MIEDZYNARODOWY FESTIWAL SZACHOWY PERLA BALTYKU - GRUPA A (FIDE min. 1700)"]
[Site "LAZY"]
[Date "1899-12-30"]
[Round "7.2"]
[White "Betkowski, Andrzej"]
[Black "Banasik, Krzysztof"]
[Result "1/2-1/2"]
[WhiteTitle "k"]
[BlackTitle "k+"]
[WhiteElo "2063"]
[BlackElo "2199"]

1. e4 c5 2. Nc3 Nc6 3. Nge2 d6 4. d4 cxd4 5. Nxd4 e6 6. g3 Be7 7. Bg2 Nf6 8. Nxc6
bxc6 9. e5 Nd5 10. exd6 Bxd6 11. O-O O-O 12. Qf3 Ba6 13. Rd1 Qf6 14. Qxf6 gxf6
15. Bf1 Bxf1 16. Kxf1 Rfd8 17. Na4 Be7 18. c4 Nb4 1/2-1/2

[Event "XVIII MIEDZYNARODOWY FESTIWAL SZACHOWY PERLA BALTYKU - GRUPA A (FIDE min. 1700)"]
[Site "LAZY"]
[Date "1899-12-30"]
[Round "7.3"]
[White "Krainski, Aleksander"]
[Black "Mulet, Piotr"]
[Result "1/2-1/2"]
[WhiteTitle "FM"]
[BlackTitle "FM"]
[WhiteElo "2053"]
[BlackElo "2111"]

1. d4 Nf6 2. Nf3 g6 3. e3 Bg7 4. Be2 d5 5. O-O O-O 6. b4 Ne4 7. Bb2 a5 8. b5 c5
9. Nc3 Nxc3 10. Bxc3 Nd7 11. Rb1 a4 12. Ba1 c4 13. Ne5 Qc7 14. Nxd7 Bxd7 15. Bf3
e6 16. Bc3 Qb6 17. Qc1 Rfc8 18. e4 dxe4 19. Bxe4 Rc7 20. Rd1 Be8 21. Qd2 Rd7 22.
g3 Rc8 23. Bg2 Rd6 24. Rb4 a3 25. Rbb1 Qa7 26. Qe1 b6 27. d5 Bxc3 28. Qxc3 exd5
29. Rxd5 Rxd5 30. Bxd5 Qe7 1/2-1/2

[Event "XVIII MIEDZYNARODOWY FESTIWAL SZACHOWY PERLA BALTYKU - GRUPA A (FIDE min. 1700)"]
[Site "LAZY"]
[Date "1899-12-30"]
[Round "7.4"]
[White "Zabron, Maksym"]
[Black "Slawinski, Miroslaw"]
[Result "1/2-1/2"]
[WhiteTitle "I++"]
[BlackTitle "k"]
[WhiteElo "1947"]
[BlackElo "2025"]

1. d4 e6 2. c4 f5 3. Nf3 Nf6 4. Nc3 d5 5. Bf4 c6 6. e3 Qa5 7. Bd3 Bb4 8. O-O Ne4
9. Bxe4 dxe4 10. Ne5 O-O 11. Qc2 Qd8 12. Bg3 g5 13. f3 exf3 14. Rxf3 Nd7 15. Nxd7
Bxd7 16. Raf1 Be8 17. Be5 Bg6 18. Qb3 Bxc3 19. Qxc3 h5 20. R3f2 Rf7 21. Rd2 Rd7
22. d5 cxd5 23. Bf6 Qf8 24. Bxg5 Rc8 25. Qe5 Rxc4 26. Qxe6+ Qf7 27. Qe5 a6 28.
Rfd1 Re4 29. Qb8+ Kh7 30. Bf4 Re8 31. Qa7 h4 32. h3 Bh5 33. Rc1 Rg8 34. Qd4 Bf3
35. Be5 Be4 36. Rf1 Rg6 37. Rf4 Qe7 38. Rff2 Rd8 39. Bf4 Rdg8 40. Kh2 R8g7 41.
Be5 Rg8 42. Bf4 Qf7 43. b4 Rc6 44. Qb2 Qg6 45. a4 Rgc8 46. Qe5 Re8 47. Qb2 Rg8
48. b5 axb5 49. axb5 Re6 50. Qd4 Qe8 51. Rb2 Qg6 52. b6 Rc6 53. Bc7 Rc1 54. Qe5
Rg7 55. Qf4 Qh5 56. Rf1 Rc6 57. Bd8 Rh6 58. Rff2 Rg8 59. Qc7+ Rg7 60. Qf4 Rg8
61. Qc7+ Rg7 62. Qf4 Rg8 1/2-1/2

[Event "XVIII MIEDZYNARODOWY FESTIWAL SZACHOWY PERLA BALTYKU - GRUPA A (FIDE min. 1700)"]
[Site "LAZY"]
[Date "1899-12-30"]
[Round "7.5"]
[White "Kotowicz, Kamil"]
[Black "Rawicz, Karol"]
[Result "0-1"]
[WhiteTitle "I"]
[BlackTitle "FM"]
[WhiteElo "1770"]
[BlackElo "2186"]

1. d4 d5 2. Nf3 Nf6 3. c4 e6 4. g3 c5 5. Bg2 Nc6 6. O-O Be7 7. Nc3 O-O 8. cxd5
exd5 9. Bg5 c4 10. Ne5 Be6 11. f4 Ng4 12. Bxe7 Nxe7 13. Nxg4 Bxg4 14. h3 Be6 15.
g4 f5 16. g5 Rc8 17. e3 Re8 18. Qd2 Qd7 19. a4 Rc6 20. a5 Rb8 21. Rfb1 Nc8 22.
Kh2 b5 23. axb6 axb6 24. Na2 Ra8 25. Nb4 Rxa1 26. Rxa1 Rc7 27. Bf3 Ne7 28. Ra6
Qb5 29. Qc3 Kf7 30. Qa3 c3 31. bxc3 Qf1 32. Bg2 Qe2 33. Ra7 Qxe3 34. Rxc7 Qxf4+
35. Kh1 Qxc7 36. Nd3 Ng6 37. h4 Qg3 38. Qa7+ Kg8 39. Qa8+ Nf8 40. Bxd5 Qxh4+ 41.
Kg1 Qxg5+ 42. Kf1 Qf6 43. Ne5 Bxd5 44. Qxd5+ Qe6 45. Qxe6+ Nxe6 46. Nc4 b5 47.
Nd6 Nc7 48. Kf2 g6 49. c4 bxc4 50. Nxc4 Kf7 51. Kf3 Ke6 52. Ne3 g5 53. Nf1 Nb5
54. Ke3 Kd5 55. Nh2 Nxd4 56. Kd3 h5 0-1

[Event "XVIII MIEDZYNARODOWY FESTIWAL SZACHOWY PERLA BALTYKU - GRUPA A (FIDE min. 1700)"]
[Site "LAZY"]
[Date "1899-12-30"]
[Round "7.6"]
[White "Mielczarski, Miroslaw"]
[Black "Bochniak, Franciszek"]
[Result "1-0"]
[WhiteTitle "k"]
[BlackTitle "I+"]
[WhiteElo "2115"]
[BlackElo "1664"]

1. d4 Nf6 2. Nf3 e6 3. c4 b6 4. Nc3 Bb4 5. Qb3 Qe7 6. g3 Bb7 7. Bg2 O-O 8. O-O
Bxc3 9. Qxc3 d6 10. b3 c5 11. Bb2 Nbd7 12. Rfd1 Rfd8 13. h3 Rac8 14. Qe3 cxd4
15. Rxd4 Nf8 16. Ba3 Qc7 17. Rad1 d5 18. Ne5 Ng6 19. f4 Ne7 20. g4 Nc6 21. Nxc6
Bxc6 22. g5 Ne4 23. Bxe4 dxe4 24. Bd6 Qb7 25. Be5 Qe7 26. Qc3 Qc5 27. Kh2 Rxd4
28. Rxd4 Qa5 29. Qxa5 bxa5 30. Kg3 f5 31. Kf2 Kf7 32. Ke3 h6 33. h4 hxg5 34. hxg5
Rh8 35. Rd6 Rc8 36. Kd4 Ke7 37. Kc3 g6 38. Rd1 e3 39. Bf6+ Kf7 40. Rd3 a4 41.
Kb4 Rb8+ 42. Kc5 Be8 43. Rxe3 a5 44. Rh3 a3 45. Rh7+ Kf8 46. Ra7 a4 47. b4 Rc8+
48. Kd4 Bc6 49. b5 Be4 50. Rxa4 1-0

[Event "XVIII MIEDZYNARODOWY FESTIWAL SZACHOWY PERLA BALTYKU - GRUPA A (FIDE min. 1700)"]
[Site "LAZY"]
[Date "1899-12-30"]
[Round "7.7"]
[White "Kietrys, Maciej"]
[Black "Stepinski, Piotr"]
[Result "1-0"]
[WhiteTitle "I"]
[BlackTitle "I"]
[WhiteElo "1833"]
[BlackElo "1697"]

1. e4 c5 2. Nc3 Nc6 3. g3 g6 4. Bg2 Bg7 5. d3 d6 6. Be3 e6 7. Qd2 Rb8 8. Nf3 Nf6
9. Bh6 O-O 10. Bxg7 Kxg7 11. O-O b5 12. Nh4 Nd4 13. Nd1 b4 14. f4 Ng8 15. c3 bxc3
16. bxc3 Nc6 17. Ne3 Nce7 18. f5 f6 19. fxe6 Bxe6 20. Nf3 Nh6 21. d4 Nf7 22. Rad1
Qa5 23. Rf2 Rb5 24. Bf1 Rb7 25. Ng2 Rfb8 26. Nf4 Bd7 27. Bc4 Qa4 28. Bb3 Qb5 29.
e5 dxe5 30. dxe5 Nxe5 31. Nxe5 fxe5 32. Nxg6 Be6 33. Nxe7 1-0

[Event "XVIII MIEDZYNARODOWY FESTIWAL SZACHOWY PERLA BALTYKU - GRUPA A (FIDE min. 1700)"]
[Site "LAZY"]
[Date "1899-12-30"]
[Round "7.8"]
[White "Ciszewski, Krzysztof"]
[Black "Goral, Jan"]
[Result "1-0"]
[WhiteTitle "I++"]
[BlackTitle "I"]
[WhiteElo "2017"]
[BlackElo "1700"]

1. d4 Nf6 2. c4 e6 3. Nc3 Bb4 4. e3 c5 5. Nf3 O-O 6. Bd3 Nc6 7. O-O Bxc3 8. bxc3
d6 9. e4 e5 10. d5 Ne7 11. Nh4 Ng6 12. Nf5 Re8 13. Qf3 Bxf5 14. Qxf5 Qc8 15. Qxc8
Raxc8 16. g3 h6 17. a4 b6 18. Ra2 Nf8 19. Re2 Re7 20. f4 N8d7 21. f5 a6 22. Ba3
Ree8 23. Kg2 Rb8 24. Kf3 h5 25. h3 Nh7 26. g4 hxg4+ 27. hxg4 Ng5+ 28. Kg3 Nf6
29. Bc1 Nfh7 30. Rb2 a5 31. Bxg5 Nxg5 32. Rfb1 Red8 33. Rxb6 Ra8 34. Rc6 Kf8 35.
Rb7 Rdb8 36. Rxb8+ Rxb8 37. Rxd6 Rb3 38. Kf2 Rxc3 39. Ke3 Nh3 40. Kd2 Ra3 41.
Bc2 Ng1 42. Bd1 Ra2+ 43. Kc3 Ne2+ 44. Bxe2 Rxe2 45. Kd3 Ra2 46. Rc6 Rxa4 47. Rxc5
Ra3+ 48. Kc2 a4 49. d6 Ke8 50. Rxe5+ Kd8 51. c5 Ra2+ 52. Kb1 Rd2 53. Rd5 Re2 54.
Rd4 a3 55. c6 a2+ 56. Ka1 Rc2 57. c7+ Kd7 58. e5 Re2 59. Rc4 1-0

[Event "XVIII MIEDZYNARODOWY FESTIWAL SZACHOWY PERLA BALTYKU - GRUPA A (FIDE min. 1700)"]
[Site "LAZY"]
[Date "1899-12-30"]
[Round "7.9"]
[White "Zareba, Piotr"]
[Black "Kejna, Piotr"]
[Result "0-1"]
[WhiteTitle "II"]
[BlackTitle "CM"]
[WhiteElo "1708"]
[BlackElo "1970"]

1. d4 Nf6 2. Nf3 e6 3. c4 Bb4+ 4. Bd2 Qe7 5. a3 Bxd2+ 6. Nbxd2 d5 7. e3 Ne4 8.
Nxe4 dxe4 9. Nd2 f5 10. b4 O-O 11. g3 Nd7 12. Bg2 a5 13. b5 e5 14. O-O Qf6 15.
Nb3 a4 16. dxe5 Nxe5 17. Nd4 Be6 18. Nxe6 Qxe6 19. Qc2 Rfd8 20. Rfc1 Rd3 21. Kh1
Rad8 22. Qxa4 Ng4 23. Kg1 Qh6 24. Rd1 Qxh2+ 25. Kf1 Rd2 26. Rxd2 Rxd2 27. Qa8+
Kf7 28. Qxb7 Rxf2+ 29. Ke1 Qg1+ 30. Bf1 Qxf1# 0-1

[Event "XVIII MIEDZYNARODOWY FESTIWAL SZACHOWY PERLA BALTYKU - GRUPA A (FIDE min. 1700)"]
[Site "LAZY"]
[Date "1899-12-30"]
[Round "7.10"]
[White "Hury, Tymoteusz"]
[Black "Bancarewicz, Aleks"]
[Result "0-1"]
[WhiteTitle "I"]
[BlackTitle "I+"]
[WhiteElo "1679"]
[BlackElo "1786"]

1. e4 c5 2. d4 cxd4 3. c3 dxc3 4. Nxc3 Nc6 5. Nf3 d6 6. Bc4 e6 7. O-O a6 8. Qe2
Nge7 9. a4 Ng6 10. Rd1 Be7 11. Be3 O-O 12. Rab1 Bd7 13. b4 Rc8 14. b5 Nce5 15.
Nd2 Qc7 16. bxa6 bxa6 17. Bxa6 Qxc3 18. Bxc8 Rxc8 19. f4 Nd3 20. g3 Bxa4 21. Nb3
Bxb3 22. Rxd3 Qc2 23. Qf1 Bc4 24. Rc1 Qxd3 25. Qxd3 Bxd3 26. Rxc8+ Bf8 27. e5
dxe5 28. fxe5 Nxe5 29. g4 f6 30. Bc5 Nd7 31. Rd8 0-1

[Event "XVIII MIEDZYNARODOWY FESTIWAL SZACHOWY PERLA BALTYKU - GRUPA A (FIDE min. 1700)"]
[Site "LAZY"]
[Date "1899-12-30"]
[Round "7.12"]
[White "Zeissel, Andrzej"]
[Black "Makhynia, Kostiantyn"]
[Result "1/2-1/2"]
[WhiteTitle "I"]
[BlackTitle "II"]
[WhiteElo "1624"]
[BlackElo "1717"]

1. e4 c5 2. Nc3 Nc6 3. Bb5 Nd4 4. Bc4 e6 5. Nge2 Nf6 6. O-O a6 7. e5 d5 8. exd6
Bxd6 9. Ng3 b6 10. a3 O-O 11. d3 Bb7 12. Nce2 Qc7 13. Nxd4 cxd4 14. Bg5 Qc6 15.
f3 Qc7 16. Qe1 Nd5 17. Kh1 b5 18. Bb3 Rac8 19. Ne4 Bf4 20. Bxd5 exd5 21. Bxf4
Qxf4 22. Qd2 Qxd2 23. Nxd2 Rxc2 24. Nb3 Rxb2 25. Nxd4 Rd2 26. Rfd1 Rxd1+ 27. Rxd1
Rc8 28. Kg1 g6 29. Kf2 Rc3 30. a4 bxa4 31. Ke3 Bc6 32. Nxc6 Rxc6 33. Ra1 Rc2 34.
g4 Rxh2 35. Rxa4 h5 36. gxh5 Rxh5 37. Rxa6 Re5+ 38. Kf4 Rf5+ 39. Kg4 Kg7 40. Rd6
Kh6 41. f4 Kg7 42. d4 Kf8 43. Rd7 Ke8 44. Ra7 Rf6 45. Kg5 Rf5+ 46. Kg4 Rh5 47.
Ra8+ Ke7 48. Ra7+ Kf6 49. Ra6+ Kg7 50. Rd6 Kh6 51. Rd7 Rf5 52. Rd6 Kg7 53. Ra6
Rf6 54. Ra7 Rd6 55. Re7 Kf6 56. Re5 Rd7 57. Kh4 Kg7 58. Re8 Ra7 59. Rd8 Ra5 60.
Kg4 Kf6 61. f5 gxf5+ 62. Kf4 Rb5 63. Rd6+ Ke7 64. Ke5 f4 65. Rf6 Rb1 66. Rxf4
1/2-1/2

[Event "XVIII MIEDZYNARODOWY FESTIWAL SZACHOWY PERLA BALTYKU - GRUPA A (FIDE min. 1700)"]
[Site "LAZY"]
[Date "1899-12-30"]
[Round "7.13"]
[White "Babiarz, Arkadiusz"]
[Black "Bury, Milosz"]
[Result "1-0"]
[WhiteTitle "I++"]
[BlackTitle "II"]
[WhiteElo "2027"]
[BlackElo "1685"]

1. e4 c5 2. Nf3 e6 3. d4 cxd4 4. Nxd4 Nf6 5. Nc3 Nc6 6. Ndb5 Bb4 7. Nd6+ Ke7 8.
Bf4 e5 9. Nf5+ Kf8 10. Bg5 h6 11. Bxf6 Qxf6 12. Ne3 Ne7 13. Bc4 Qc6 14. O-O Bxc3
15. bxc3 d6 16. Qf3 f5 17. Rfd1 g6 18. exf5 Qxf3 19. gxf3 Nxf5 20. Nxf5 Bxf5 21.
Rxd6 Ke7 22. Rd5 Rac8 23. Bb3 Kf6 24. Re1 Rhd8 25. Rdxe5 Rxc3 26. R5e3 Rdc8 27.
f4 b6 28. R1e2 R8c7 29. Rd2 R7c6 30. Ba4 Rc7 31. Bb3 R7c6 32. Kf1 R3c5 33. Re8
Rc7 34. Rd6+ Kg7 35. Rg8+ Kh7 36. Rdd8 Rc8 37. Rxc8 Bxc8 38. Rf8 Rc7 39. Rf7+
Rxf7 40. Bxf7 Kg7 41. Be8 Kf6 42. Ke2 Bf5 43. c3 Ke6 44. Ke3 Kd6 45. Kd4 Ke7 46.
Bb5 Be6 47. a3 Kf6 48. Bd3 h5 49. h4 Bf5 50. Bf1 Be6 51. Bg2 Bb3 52. Be4 Be6 53.
c4 Bf5 54. f3 Be6 55. c5 bxc5+ 56. Kxc5 Bc8 57. a4 Ba6 58. a5 Bc8 59. Kd6 Be6
60. Bxg6 1-0

[Event "XVIII MIEDZYNARODOWY FESTIWAL SZACHOWY PERLA BALTYKU - GRUPA A (FIDE min. 1700)"]
[Site "LAZY"]
[Date "1899-12-30"]
[Round "7.14"]
[White "Rogala, Milosz"]
[Black "Bem, Tymoteusz"]
[Result "1-0"]
[WhiteTitle "I"]
[BlackTitle "II+"]
[WhiteElo "1837"]
[BlackElo "1682"]

1. e4 c5 2. Nf3 Nc6 3. d4 cxd4 4. Nxd4 Nf6 5. Nc3 e5 6. Ndb5 d6 7. Bg5 a6 8. Na3
b5 9. Bxf6 gxf6 10. Nd5 Bg7 11. g3 Ne7 12. Nxe7 Qxe7 13. Bg2 Be6 14. c3 O-O 15.
O-O Rab8 16. Nc2 Rfd8 17. Qh5 a5 18. Ne3 Rdc8 19. Bh3 Rc5 20. Bf5 h6 21. Rfd1
b4 22. cxb4 Rxb4 23. Rd2 Rd4 24. Qd1 Rxd2 25. Qxd2 Qc7 26. b3 Qc6 27. Rd1 Bxf5
28. Nxf5 Qxe4 29. Qxd6 Bf8 30. Qxf8+ 1-0

[Event "XVIII MIEDZYNARODOWY FESTIWAL SZACHOWY PERLA BALTYKU - GRUPA A (FIDE min. 1700)"]
[Site "LAZY"]
[Date "1899-12-30"]
[Round "7.15"]
[White "Gbiorczyk, Mikolaj"]
[Black "Dylong, Antoni"]
[Result "1-0"]
[WhiteTitle "I"]
[BlackTitle "I"]
[WhiteElo "1781"]
[BlackElo "1576"]

1. d4 Nf6 2. c4 e6 3. g3 Bb4+ 4. Bd2 Qe7 5. Bg2 d5 6. Qc2 Nbd7 7. Nf3 Bxd2+ 8.
Nbxd2 c5 9. O-O b6 10. Rac1 O-O 11. Rfd1 Bb7 12. cxd5 Nxd5 13. e4 Nb4 14. Qb1
Rac8 15. a3 Na6 16. Nc4 Rfd8 17. e5 cxd4 18. Ng5 Qxg5 19. Bxb7 Rc7 20. Bxa6 Nc5
21. f4 Qe7 22. Bb5 a6 23. Bxa6 Nxa6 24. Nd6 Rxc1 25. Qxc1 Qc7 26. Qxc7 Nxc7 27.
Rxd4 Ne8 28. Nb5 Rxd4 29. Nxd4 Nc7 30. Kf2 Kf8 31. Ke3 Ke7 32. Kd3 Kd7 33. Kc4
Nd5 34. a4 Kc7 35. b4 Kb7 36. Nb5 Ne3+ 37. Kd3 Nf1 38. Nd6+ Kc6 39. Nxf7 Nxh2
40. Ng5 Kd5 41. a5 b5 42. Nxe6 1-0

[Event "XVIII MIEDZYNARODOWY FESTIWAL SZACHOWY PERLA BALTYKU - GRUPA A (FIDE min. 1700)"]
[Site "LAZY"]
[Date "1899-12-30"]
[Round "7.16"]
[White "Kossowski, Pawel"]
[Black "Merecki, Antoni"]
[Result "1-0"]
[WhiteTitle "I"]
[BlackTitle "II"]
[WhiteElo "1737"]
[BlackElo "1543"]

1. e4 e6 2. d4 d5 3. Nd2 Be7 4. Bd3 c5 5. dxc5 Nf6 6. Qe2 O-O 7. Ngf3 a5 8. O-O
Na6 9. e5 Nd7 10. c3 Naxc5 11. Bc2 Qc7 12. Re1 b6 13. Nd4 g6 14. N2f3 Ba6 15.
Qd2 Rab8 16. Qh6 Rfc8 17. Ng5 Nf8 18. Bf4 Bd3 19. Re3 Bxc2 20. Nxc2 Bxg5 21. Bxg5
f5 22. exf6 b5 23. Bf4 Qd7 24. Bxb8 Rxb8 25. Rd1 Qf7 26. Nd4 Qxf6 27. Rf3 Qg7
28. Qxg7+ Kxg7 29. Nc6 Rb7 30. Nxa5 Rc7 31. Re3 Na4 32. Rb1 Kf6 33. Kf1 Nd7 34.
Ke2 Ne5 35. f4 Ng4 36. Rg3 h5 37. h3 Nh6 38. Nb3 Nf5 39. Rd3 Nd6 40. Nd4 Ne4 41.
Ke3 Rb7 42. Rdd1 b4 43. cxb4 Rxb4 44. a3 Rb6 45. b4 Nac3 46. b5 Nxd1+ 47. Rxd1
Nc3 48. Rc1 Nxb5 49. Nxb5 Rxb5 50. Ra1 e5 51. fxe5+ Kxe5 52. a4 Rb3+ 53. Ke2 Kd4
54. a5 Rb7 55. a6 Ra7 56. Kd2 Ke4 57. Ra4+ d4 58. Ke2 g5 59. g3 h4 60. g4 Kd5
61. Kd3 Kc5 62. Ra1 Kb6 63. Kxd4 Rd7+ 64. Ke4 Ka7 65. Kf5 Rd5+ 66. Kg6 Rb5 67.
Ra3 Rc5 68. Rf3 Kxa6 69. Rf5 Rc3 70. Kxg5 Rxh3 71. Rf6+ Kb7 72. Rh6 Kc7 73. Rxh4
Rg3 74. Rh1 Kd7 75. Re1 Rg2 76. Kf5 Rf2+ 77. Kg6 Rg2 78. g5 Kd6 79. Kf6 1-0

[Event "XVIII MIEDZYNARODOWY FESTIWAL SZACHOWY PERLA BALTYKU - GRUPA A (FIDE min. 1700)"]
[Site "LAZY"]
[Date "1899-12-30"]
[Round "7.17"]
[White "Przybylski, Bartosz"]
[Black "Hasinski, Krystian"]
[Result "1/2-1/2"]
[WhiteTitle "I"]
[BlackTitle "I++"]
[WhiteElo "1679"]
[BlackElo "1714"]

1. e4 c6 2. d4 d5 3. f3 dxe4 4. fxe4 e5 5. Nf3 exd4 6. Bc4 f6 7. O-O Bg4 8. h3
Bxf3 9. Qxf3 Ne7 10. Qb3 Qb6 11. Bf7+ Kd8 12. Qg3 Nd7 13. Bf4 Ng6 14. Bxg6 hxg6
15. e5 fxe5 16. Bxe5 Nxe5 17. Qxe5 Qc5 18. Qe6 Qd6 19. Qxd6+ Bxd6 20. Rf7 Be5
21. Nd2 Rb8 22. Re1 Re8 23. Nc4 Bh2+ 24. Kf1 Rxe1+ 25. Kxe1 b5 26. Na5 Rb6 27.
Rxg7 Ra6 28. Rxa7 Rxa7 29. Nxc6+ Kc7 30. Nxa7 Kb6 31. Nc8+ Kc5 32. Ne7 g5 33.
Ke2 Kd6 34. Nf5+ Ke5 35. Nh6 Ke4 36. Ng4 Bc7 37. b3 b4 38. Nf6+ Ke5 39. Ne8 Bb8
40. Kd3 Kf4 41. Kxd4 Kg3 42. Kc4 Kxg2 43. Kxb4 Kxh3 44. Nf6 Be5 45. Ne4 g4 46.
Nf2+ Kh4 47. Nxg4 Kxg4 48. a4 Kf5 49. Kc5 Ke6 50. c4 Kd7 51. b4 Kc7 52. a5 Bd6+
53. Kb5 Bf4 54. c5 Kb7 55. c6+ Kc7 56. Kc5 Be3+ 57. Kd5 Bd2 58. a6 Be3 59. Ke4
Bg1 60. b5 Ba7 61. Kd5 Bg1 62. Kc4 Ba7 63. Kb4 Bg1 64. Ka5 Bb6+ 65. Kb4 Bg1 66.
Kc4 Bf2 67. Kd5 Ba7 68. Ke5 Bg1 69. Ke6 Bf2 70. b6+ Bxb6 71. Kd5 1/2-1/2

[Event "XVIII MIEDZYNARODOWY FESTIWAL SZACHOWY PERLA BALTYKU - GRUPA A (FIDE min. 1700)"]
[Site "LAZY"]
[Date "1899-12-30"]
[Round "7.18"]
[White "Pijewski, Milosz"]
[Black "Kusiak, Mateusz"]
[Result "1/2-1/2"]
[WhiteTitle "II"]
[BlackTitle "I+"]
[WhiteElo "1496"]
[BlackElo "1693"]

1. d4 Nf6 2. Nf3 c5 3. d5 e6 4. c4 exd5 5. cxd5 g6 6. Nc3 d6 7. e4 Bg7 8. h3 O-O
9. Bd3 Re8 10. O-O Na6 11. a3 c4 12. Bxc4 Nxe4 13. Nxe4 Rxe4 14. Bd3 Re8 15. Bg5
Qa5 16. b4 Qb6 17. Qa4 Nc7 18. Rae1 Bf5 19. Be3 Rxe3 20. Rxe3 Bh6 21. Bxf5 Bxe3
22. fxe3 Qxe3+ 23. Kh1 gxf5 24. Qd7 Qd3 25. Re1 Nxd5 26. Qxd6 Qc4 27. Qd7 Nf4
28. Qxf5 Ng6 29. Ne5 Nxe5 30. Qxe5 Rc8 31. Qg5+ Kf8 32. Qh6+ Kg8 33. Re3 Qc1+
34. Kh2 Qa1 35. Rg3+ Kh8 36. Qg5 Qb2 37. Qg4 Re8 38. a4 Qe5 1/2-1/2

[Event "XVIII MIEDZYNARODOWY FESTIWAL SZACHOWY PERLA BALTYKU - GRUPA A (FIDE min. 1700)"]
[Site "LAZY"]
[Date "1899-12-30"]
[Round "8.1"]
[White "Gradalski, Olaf"]
[Black "Banasik, Krzysztof"]
[Result "0-1"]
[WhiteTitle "k"]
[BlackTitle "k+"]
[WhiteElo "2049"]
[BlackElo "2199"]

1. e4 e6 2. d4 d5 3. e5 c5 4. c3 Nc6 5. Nf3 Qb6 6. a3 Bd7 7. b4 cxd4 8. cxd4 Rc8
9. Be2 Nge7 10. O-O Nf5 11. Bb2 Be7 12. g4 Nh4 13. Nxh4 Bxh4 14. Qd3 f6 15. b5
Ne7 16. a4 fxe5 17. dxe5 Ng6 18. Bd4 Nf4 19. Bxb6 Nxd3 20. Bxa7 Nf4 21. Ra2 Nxe2+
22. Rxe2 Rc4 23. Ra2 O-O 24. h3 Bg5 25. Kg2 Bf4 26. Nd2 Bxd2 27. Rxd2 Rxa4 28.
Bc5 Rc8 29. Bd6 Bxb5 30. Rb1 Bc6 31. Kg3 Rca8 32. f4 Ra2 33. Rxa2 Rxa2 34. f5
Kf7 35. Rb4 Ra3+ 36. Kh4 Rf3 37. fxe6+ Kxe6 38. Kg5 Be8 39. Kh4 Bc6 40. Kg5 Rxh3
41. Rf4 Be8 42. Rf8 h6+ 0-1

[Event "XVIII MIEDZYNARODOWY FESTIWAL SZACHOWY PERLA BALTYKU - GRUPA A (FIDE min. 1700)"]
[Site "LAZY"]
[Date "1899-12-30"]
[Round "8.2"]
[White "Rawicz, Karol"]
[Black "Betkowski, Andrzej"]
[Result "1-0"]
[WhiteTitle "FM"]
[BlackTitle "k"]
[WhiteElo "2186"]
[BlackElo "2063"]

1. d4 e6 2. Nf3 f5 3. g3 Nf6 4. Bg2 Be7 5. O-O O-O 6. c4 d6 7. Nc3 a5 8. Re1 Ne4
9. Qd3 Nxc3 10. Qxc3 Nc6 11. Bd2 e5 12. dxe5 dxe5 13. Rad1 Bb4 14. Qc1 Qe8 15.
Bc3 e4 16. Nd4 Ne5 17. a3 Bxc3 18. Qxc3 c6 19. f4 Ng4 20. Nc2 Be6 21. h3 Nf6 22.
Rd6 Qe7 23. Qe5 Rfe8 24. Nd4 Bxc4 25. Qxe7 Rxe7 26. Nxf5 Re6 27. g4 g6 28. Rxe6
Bxe6 29. Nd6 Bd5 30. Rc1 b6 31. Nc4 Nd7 32. Kf2 h5 33. g5 Kf7 34. Bxe4 Bxe4 35.
Nd6+ Ke7 36. Nxe4 c5 37. a4 Nf8 38. Rd1 Rd8 39. Rxd8 Kxd8 40. Nd6 Nd7 41. Nc4
Ke7 42. Kf3 Ke6 43. Ke4 1-0